| 000 -LEADER |
| fixed length control field |
00814nam a22002417a 4500 |
| 001 - CONTROL NUMBER |
| control field |
17865 |
| 003 - CONTROL NUMBER IDENTIFIER |
| control field |
BD-DhUAP |
| 005 - DATE AND TIME OF LATEST TRANSACTION |
| control field |
20201230130428.0 |
| 008 - FIXED-LENGTH DATA ELEMENTS--GENERAL INFORMATION |
| fixed length control field |
201230s2007 ii ||||| |||| 001 0 eng d |
| 020 ## - INTERNATIONAL STANDARD BOOK NUMBER |
| International Standard Book Number |
8130904594 |
| 040 ## - CATALOGING SOURCE |
| Original cataloging agency |
BD-DhUAP |
| Language of cataloging |
Eng |
| Transcribing agency |
BD-DhUAP |
| Modifying agency |
BD-DhUAP |
| 082 ## - DEWEY DECIMAL CLASSIFICATION NUMBER |
| Edition number |
23 |
| Classification number |
823.8 DIC |
| 100 ## - MAIN ENTRY--PERSONAL NAME |
| Personal name |
Dicken, Charles. |
| 245 ## - TITLE STATEMENT |
| Title |
Charles Dicken's great expectations / |
| Remainder of title |
Charles Dicken ; edited and with an introduction by Harold Bloom. |
| 250 ## - EDITION STATEMENT |
| Edition statement |
First Indian edition. |
| 260 ## - PUBLICATION, DISTRIBUTION, ETC. |
| Place of publication, distribution, etc. |
New Delhi : |
| Name of publisher, distributor, etc. |
Viva books private limited, |
| Date of publication, distribution, etc. |
c2007. |
| 300 ## - PHYSICAL DESCRIPTION |
| Extent |
vii, 310 pages ; |
| Dimensions |
23 cm. |
| 500 ## - GENERAL NOTE |
| General note |
Viva modern critical interpretations. |
| 504 ## - BIBLIOGRAPHY, ETC. NOTE |
| Bibliography, etc. note |
Includes bibliographical references and indexes. |
| 650 ## - SUBJECT ADDED ENTRY--TOPICAL TERM |
| Topical term or geographic name entry element |
English literature |
| Form subdivision |
History and criticism. |
| 700 ## - ADDED ENTRY--PERSONAL NAME |
| Personal name |
Bloom, Harold. |
| 942 ## - ADDED ENTRY ELEMENTS (KOHA) |
| Source of classification or shelving scheme |
|
| Koha item type |
Book |